00462nam a2200157Ia 4500003000900000008004100009040001600050080002400066100001500090245005100105260004000156300001400196650004100210650002700251650002600278IN-BaIIA211028s9999 xx 000 0 eng d cIIA Library a(03):535.33bKAY-II aKayser, H. 0aHandbuch der spectroscopiebvol. IIcH. Kayser aLeipzigbVerlag Von S. Hirzelc1902 axi, 696p. aAstronomy and Astrophysics Thesaurus aHandbooks-Spectroscopy aSpectroscopy Handbook